00718nas a2200229 4500001001300000003000900013005001700022007000300039008003400042040005400076041000900130072000800139100001600147100001800163245008400181650002200265650002100287650001500308650000900323773008700332856006900419BR2014003085BR-BrBNA20231205124037.0ta230509b bl.|||p| |||| 00| 00por d aBR-BrBNAbporcBiblioteca Nacional de Agricultura a(Pt) aP101 aSilva, J.L.1 aTonello, K.C.1 aMorfometria da bacia hidrográfica do ribeirão dos Pinheirinhos, Brotas - SP aRECURSO HÍDRICO aMANEJO DE ÁGUA aHIDROLOGIA aMAPA0 tIrriga (Brazil)xISSN 1808-3765g(Jan-Mar 2013), v. 19(1) p. 103-114wBR201400308540uhttp://irriga.fca.unesp.br/index.php/irriga/article/view/713/911